| 000 -LEADER |
| fixed length control field |
00668cam a2200217 a 4500 |
| 001 - CONTROL NUMBER |
| control field |
1408582 |
| 005 - DATE AND TIME OF LATEST TRANSACTION |
| control field |
20180314050416.0 |
| 008 - FIXED-LENGTH DATA ELEMENTS--GENERAL INFORMATION |
| fixed length control field |
840329s1983 caua 001 0 eng |
| 010 ## - LIBRARY OF CONGRESS CONTROL NUMBER |
| LC control number |
83081004 |
| 020 ## - INTERNATIONAL STANDARD BOOK NUMBER |
| International Standard Book Number |
0376033371 (pbk.) : |
| Terms of availability |
$5.95 |
| 040 ## - CATALOGING SOURCE |
| Original cataloging agency |
DLC |
| Transcribing agency |
DLC |
| Modifying agency |
DLC |
| 041 ## - LANGUAGE CODE |
| Language code of text/sound track or separate title |
eng |
| 080 ## - UNIVERSAL DECIMAL CLASSIFICATION NUMBER |
| Universal Decimal Classification number |
635.965 |
| 082 00 - DEWEY DECIMAL CLASSIFICATION NUMBER |
| Classification number |
635.965 SUN |
| Edition number |
19 |
| 100 1# - Rafti |
| Rafti |
9 |
| 101 ## - Shkurtesa |
| Shkurtesa |
MJE |
| 245 10 - TITLE STATEMENT |
| Title |
Sunset house plants / |
| Statement of responsibility, etc |
by the editors of Sunset books and Sunset magazine ; [research & text, A. Cort Sinnes ; illustrations, Kerry Woodward, Rik Olson, Dinah James]. |
| 740 0# - ADDED ENTRY--UNCONTROLLED RELATED/ANALYTICAL TITLE |
| Uncontrolled related/analytical title |
House plants. |
| 906 ## - LOCAL DATA ELEMENT F, LDF (RLIN) |
| a |
7 |
| b |
cbc |
| c |
orignew |
| d |
2 |
| e |
opcn |
| f |
19 |
| g |
y-gencatlg |
| 942 ## - ADDED ENTRY ELEMENTS (KOHA) |
| Source of classification or shelving scheme |
|
| Item type |
Books |